000 00286nam a2200109Ia 4500
008 220204s9999 xx 000 0 und d
082 _a331(100)
_bVAI
100 _aVAIDYANATHAN, N
245 0 _aInternational labour standards: A handbook
260 _aIndia
_bNarendra
_c1977
942 _cBK
999 _c28330
_d28330